000 00552nam a2200205 i 4500
001 C2-0304241
003 PPAK
005 20180728085253.0
008 100509s xx |||| ||||| | eng d
040 _aPPAK
_beng
_cPPAK
_erda
082 0 4 _a891.2
_223
090 0 0 _a891.2
_bSAN
_dKIH
100 1 _aSantoso, soewito,
_eauthor
245 1 4 _aThe old javanese ramayana, its composer and composition
300 _a36 pages ;
_c26 cm.
336 _2rdacontent
_atext
337 _2rdamedia
_aunmediated
338 _2rdacarrier
_avolume
942 _ddc
_cB
999 _c107393
_d107393